Materiales de estudio sobre sistematización de experiencias : selección de documentos teóricos y metodológicos / Oscar Jara Holliday
| Autor principal: | |
|---|---|
| Formato: | Libro |
| Lenguaje: | español |
| Publicado: |
San José, Costa Rica :
CEP,
2002
|
| Materias: |
MARC
| LEADER | 00000nam a2200000Ia 4500 | ||
|---|---|---|---|
| 008 | 180926b2002 cr ||||| |||| 00| | spa d | ||
| 999 | |c 2495 |d 2495 | ||
| 090 | |a CD #28 | ||
| 100 | |a Jara Holliday, Oscar |9 1903 | ||
| 245 | 1 | 0 | |a Materiales de estudio sobre sistematización de experiencias : selección de documentos teóricos y metodológicos / Oscar Jara Holliday |
| 260 | |a San José, Costa Rica : |b CEP, |c 2002 | ||
| 300 | |a Disco compacto. |c 12 cm de diámetro | ||
| 650 | 1 | 4 | |a SISTEMATIZACIÓN |9 2359 |
| 650 | 1 | 4 | |a METODOLOGÍA |9 285 |
| 942 | |i 001959 |h CD #28 |2 z |c 08 | ||
